L'alcoolisme : Psychopathologie psychanalytique (notice n° 2174505)

détails MARC
000 -LEADER
fixed length control field 01322cam a2200145 4500500
005 - DATE AND TIME OF LATEST TRANSACTION
control field 20260405051005.0
041 ## - LANGUAGE CODE
Language code of text/sound track or separate title fre
042 ## - AUTHENTICATION CODE
Authentication code dc
100 10 - MAIN ENTRY--PERSONAL NAME
Personal name Boulze-Launay, Isabelle
Relator term author
245 00 - TITLE STATEMENT
Title L'alcoolisme : Psychopathologie psychanalytique
260 ## - PUBLICATION, DISTRIBUTION, ETC.
Name of publisher, distributor, etc. Armand Colin,<br/>
Date of publication, distribution, etc. 2011.<br/>
520 ## - SUMMARY, ETC.
Summary, etc. Cet ouvrage décrit la réalité complexe de l’alcoolisme, troisième rang des causes de décès en France. L’approche psychopathologique, soutenue par l’auteur, facilite un repérage clinique des différentes formes d’alcoolisme (alcoolisme secondaire et alcoolisme primaire). Elle favorise une meilleure compréhension de la souffrance psychique de ces patients et de leurs prises en charge. Exposant les principales théories psychanalytiques à partir d’auteurs de référence comme Freud, Lacan et Winnicott mais aussi d’auteurs contemporains, l’ouvrage propose également des développements sur les dispositifs thérapeutiques et une théorisation originale de l’alcoolisme. Illustré par de nombreuses séquences cliniques, ce livre sera d’un recours précieux aux étudiants en psychologie, en médecine ainsi qu’aux professionnels de santé.
700 10 - ADDED ENTRY--PERSONAL NAME
Personal name Boulze, Isabelle
Relator term author
856 41 - ELECTRONIC LOCATION AND ACCESS
Uniform Resource Identifier <a href="https://shs.cairn.info/l-alcoolisme--9782200254575?lang=fr&redirect-ssocas=7080">https://shs.cairn.info/l-alcoolisme--9782200254575?lang=fr&redirect-ssocas=7080</a>

Pas d'exemplaire disponible.

PLUDOC

PLUDOC est la plateforme unique et centralisée de gestion des bibliothèques physiques et numériques de Guinée administré par le CEDUST. Elle est la plus grande base de données de ressources documentaires pour les Étudiants, Enseignants chercheurs et Chercheurs de Guinée.

Adresse

627 919 101/664 919 101

25 boulevard du commerce
Kaloum, Conakry, Guinée

Réseaux sociaux

Powered by Netsen Group @ 2025